Arab socialism. [al-Ishtirakīyah al-ʻArabīyah] / (Record no. 22595)
[ view plain ]
| 000 -LEADER | |
|---|---|
| fixed length control field | 00907cam a2200265 4500 |
| 001 - CONTROL NUMBER | |
| control field | 1721109 |
| 003 - CONTROL NUMBER IDENTIFIER | |
| control field | BDDh-ASL |
| 005 - DATE AND TIME OF LATEST TRANSACTION | |
| control field | 20231015030138.0 |
| 008 - FIXED-LENGTH DATA ELEMENTS--GENERAL INFORMATION | |
| fixed length control field | 691128s1969 ne b 000 0 eng |
| 010 ## - LIBRARY OF CONGRESS CONTROL NUMBER | |
| LC control number | 72416099 |
| 015 ## - NATIONAL BIBLIOGRAPHY NUMBER | |
| National bibliography number | Ne69-26 |
| 040 ## - CATALOGING SOURCE | |
| Original cataloging agency | DLC |
| Transcribing agency | DLC |
| Modifying agency | DLC |
| -- | BDDh-ASL |
| 050 00 - LIBRARY OF CONGRESS CALL NUMBER | |
| Classification number | HX434 |
| Item number | .A6H34 |
| 082 00 - DEWEY DECIMAL CLASSIFICATION NUMBER | |
| Classification number | 953.335 |
| Item number | HAA |
| 100 1# - MAIN ENTRY--PERSONAL NAME | |
| Personal name | Hanna, Sami A. |
| 245 10 - TITLE STATEMENT | |
| Title | Arab socialism. [al-Ishtirakīyah al-ʻArabīyah] / |
| Remainder of title | A documentary survey. |
| Statement of responsibility, etc. | By Sami A. Hanna and George H. Gardner. With contributions by Sherif Mardin and Fayez Sayegh and a foreword by Aziz S. Atiya. |
| 260 ## - PUBLICATION, DISTRIBUTION, ETC. | |
| Place of publication, distribution, etc. | Leiden : |
| Name of publisher, distributor, etc. | E. J. Brill, |
| Date of publication, distribution, etc. | 1969. |
| 300 ## - PHYSICAL DESCRIPTION | |
| Extent | xii, 418 p. : |
| Dimensions | 25 cm. |
| 350 ## - PRICE (NR) (BK AM CF MU VM SE) [OBSOLETE] | |
| Price | 51.90 |
| 504 ## - BIBLIOGRAPHY, ETC. NOTE | |
| Bibliography, etc. note | Bibliography: p. [409]-418. |
| 650 #0 - SUBJECT ADDED ENTRY--TOPICAL TERM | |
| Topical term or geographic name entry element | Socialism |
| Geographic subdivision | Arab countries. |
| 700 1# - ADDED ENTRY--PERSONAL NAME | |
| Personal name | Gardner, George H., |
| Relator term | joint author. |
| 906 ## - LOCAL DATA ELEMENT F, LDF (RLIN) | |
| a | 7 |
| b | cbc |
| c | orignew |
| d | u |
| e | ncip |
| f | 19 |
| g | y-gencatlg |
| 942 ## - ADDED ENTRY ELEMENTS (KOHA) | |
| Source of classification or shelving scheme | Dewey Decimal Classification |
| Koha item type | Books |
| Withdrawn status | Lost status | Source of classification or shelving scheme | Damaged status | Not for loan | Collection code | Home library | Current library | Shelving location | Date acquired | Source of acquisition | Total Checkouts | Full call number | Barcode | Date last seen | Copy number | Price effective from | Koha item type | Public note |
|---|---|---|---|---|---|---|---|---|---|---|---|---|---|---|---|---|---|---|
| Dewey Decimal Classification | Non-fiction | Asiatic Society Library | Asiatic Society Library | General Stacks | 03/01/2021 | ASB Library Collections | 953.335 HAA | 106877 | 03/01/2021 | C-1 | 03/01/2021 | Books | RARE |